Psychology: (Record no. 17738)
[ view plain ]
| 000 -LEADER | |
|---|---|
| fixed length control field | 00652nam a2200181 4500 |
| 008 - FIXED-LENGTH DATA ELEMENTS--GENERAL INFORMATION | |
| fixed length control field | 221213b ||||| |||| 00| 0 eng d |
| 020 ## - INTERNATIONAL STANDARD BOOK NUMBER | |
| International Standard Book Number | 9781260597677 |
| 082 ## - DEWEY DECIMAL CLASSIFICATION NUMBER | |
| Edition number | 2022 |
| Classification number | DC 150 |
| Item number | F328 |
| 100 ## - MAIN ENTRY--PERSONAL NAME | |
| Personal name | Feist, Gregory J. |
| 9 (RLIN) | 47088 |
| 245 ## - TITLE STATEMENT | |
| Title | Psychology: |
| Remainder of title | perspectives and connections / |
| Statement of responsibility, etc. | Gregory J. Feist and Erika L. Rosenberg. |
| 250 ## - EDITION STATEMENT | |
| Edition statement | 5th edition. |
| 260 ## - PUBLICATION, DISTRIBUTION, ETC. (IMPRINT) | |
| Place of publication, distribution, etc. | New York : |
| Name of publisher, distributor, etc. | Mcgraw Hill, |
| Date of publication, distribution, etc. | ©2022. |
| 300 ## - PHYSICAL DESCRIPTION | |
| Extent | xxviii, 660 pages : |
| Other physical details | color illustrations ; |
| Dimensions | 27 cm. |
| 500 ## - GENERAL NOTE | |
| General note | Includes glossary, bibliographical references and index.<br/> |
| 650 ## - SUBJECT ADDED ENTRY--TOPICAL TERM | |
| Topical term or geographic name as entry element | Psychology. |
| 9 (RLIN) | 47089 |
| 700 ## - ADDED ENTRY--PERSONAL NAME | |
| Personal name | Rosenberg, Erika L. |
| Relator term | author. |
| 9 (RLIN) | 47090 |
| 942 ## - ADDED ENTRY ELEMENTS (KOHA) | |
| Source of classification or shelving scheme | Dewey Decimal Classification |
| Koha item type | Circulation |
| Withdrawn status | Lost status | Source of classification or shelving scheme | Damaged status | Not for loan | Collection code | Home library | Current library | Shelving location | Date acquired | Source of acquisition | Cost, normal purchase price | Total Checkouts | Full call number | Barcode | Date last seen | Date last checked out | Price effective from | Koha item type |
|---|---|---|---|---|---|---|---|---|---|---|---|---|---|---|---|---|---|---|
| Dewey Decimal Classification | Circulation | UM Digos College - LIC | UM Digos College - LIC | Book Cart | 08/16/2022 | Purchased | 14898.00 | 2 | DC 150 F328 2022 | 26844 | 05/15/2025 | 10/04/2023 | 12/13/2022 | Circulation |
